000
00256nam a2200109Ia 4500
008
190216s9999||||xx |||||||||||||| ||und||
100
_a
Saksena S C
245
0
_a
Text Book Of Commercial Correspondence
260
_b
Null
_c
1970
300
_a
272p
942
_c
BK
999
_c
3964
_d
3964